Manchester United Squad 2024-2025 - Statistics

General Stats
  • This quiz has been taken 1,364 times
    920 since last reset
  • The average score is 28 of 33
Answer Stats
# Position Nation Player % Correct
8 MF Portugal Bruno Fernandes
98%
5 DF England Harry Maguire
96%
6 DF Argentina Lisandro Martínez
96%
9 FW Denmark Rasmus Højlund
96%
24 GK Cameroon André Onana
95%
4 DF Netherlands Matthijs de Ligt
95%
2 DF Sweden Victor Lindelöf
95%
17 FW Argentina Alejandro Garnacho
94%
18 MF Brazil Casemiro
93%
14 MF Denmark Christian Eriksen
93%
20 DF Portugal Diogo Dalot
93%
16 FW Ivory Coast Amad Diallo
92%
10 FW England Marcus Rashford
91%
1 GK Turkey Altay Bayındır
90%
- Coach Portugal Ruben Amorim
90%
25 MF Uruguay Manuel Ugarte
89%
3 DF Morocco Noussair Mazraoui
88%
21 FW Brazil Antony
87%
11 FW Netherlands Joshua Zirkzee
87%
7 MF England Mason Mount
87%
37 MF England Kobbie Mainoo
86%
15 DF France Leny Yoro
85%
23 DF England Luke Shaw
85%
- Coach Netherlands Erik ten Hag
83%
35 DF Northern Ireland Jonny Evans
81%
22 GK England Tom Heaton
80%
12 DF Netherlands Tyrell Malacia
77%
- Coach Netherlands Ruud van Nistelrooy
75%
13 FW Denmark Patrick Dorgu
73%
26 DF England Ayden Heaven
61%
43 MF England Toby Collyer
53%
44 MF England Daniel Gore
40%
36 FW England Ethan Wheatley
38%
No matching quizzes found
Score Distribution
Percent of People with Each Score
Percentile by Number Answered
Your Score History
You have not taken this quiz since the last reset